| 000 | 01210nam a2200313 i 4500 | ||
|---|---|---|---|
| 001 | bg | ||
| 003 | BPK | ||
| 005 | 20210816082802.0 | ||
| 008 | 050506s2005 pl abo e |001 0 pol | ||
| 015 | _aPB 2005/17837 | ||
| 020 | _a8388841890 | ||
| 020 | _a8388841866 | ||
| 040 |
_aWA N _cBPK |
||
| 080 | _a913(4) | ||
| 080 | _a(03) | ||
| 245 | 0 | 0 |
_aEuropa, Europa... : _bprzewodnik encyklopedyczny po współczesnej Europie. _n[T.] 3 / _cred. nauk. Zbigniew Drozdowicz ; aut. siatki haseł.: Wiesław Maik [et al.] ; [zespół aut. Bolesław Andrzejewski et al.]. |
| 246 | 3 | 0 | _aPrzewodnik encyklopedyczny po współczesnej Europie. |
| 260 |
_aPoznań : _bWydawnictwo Kurpisz, _ccop. 2005. |
||
| 300 |
_a568 s. : _bil. (gł. kolor.), fot., mapy, rys., wykr. ; _c30 cm. |
||
| 504 | _aIndeks. | ||
| 655 | 4 | _aEncyklopedia | |
| 651 | 4 | _aEuropa | |
| 700 | 1 |
_aDrozdowicz, Zbigniew _d(1948- ). _eRed. |
|
| 700 | 1 |
_aMaik, Wiesław _d(1941- ). |
|
| 710 | 2 |
_aWydawnictwo Kurpisz _4pbl. |
|
| 700 | 1 |
_aAndrzejewski, Bolesław _d(1946- ) _eAutor |
|
| 942 |
_2UKD _cKS |
||
| 856 |
_uhttp://koha.tu.koszalin.pl/cgi-bin/koha/opac-detail.pl?biblionumber=52777 _yKatalog online BPK |
||
| 999 |
_c52777 _d52777 |
||